Cultura y vida cristiana / Jean Leclercq

Gespeichert in:
Bibliographische Detailangaben
1. Verfasser: Leclercq, Jean (autor)
Format: Buch
Schriftenreihe:Nueva Alianza ; 3
Schlagworte:
Tags: Tag hinzufügen
Keine Tags, Fügen Sie das erste Tag hinzu!

MARC

LEADER 00000nam^a2200000^u^4500
001 000550858
005 20250521000000.0
008 060220s1000^^^^^^^^^^^^r^^^^^000^0^spa^d
009 20260310131543.767
035 |a FMI 000020638 
037 |a Acervo Xavier Clavigero 
096 |a 4.2/13/C 
100 |a Leclercq, Jean  |e (autor) 
245 1 0 |a Cultura y vida cristiana / Jean Leclercq 
264 |a Salamanca (España) : Ediciones Sígueme, 1965 
300 |a 333 p. 
336 |a texto  |b txt  |2 rdacontenido 
337 |a sin mediación  |b n  |2 rdamedio 
338 |a volumen  |b nc  |2 rdasoporte 
440 0 |a Nueva Alianza ; 3 
649 |a XX 
650 |a Espiritualidad Moderna 
910 |a Fondo Francisco Migoya Covarrubias S.J. 
920 |a Impresos - Libros 
930 |a Fondos Especiales 
905 |a 134 
901 |a SBC04723  |b IT2  |c ESP  |u 20250521 
902 |a https://opac.biblio.iteso.mx/vufind/Record/000550858